| 000 | 00864nam a2200301Ia 4500 | ||
|---|---|---|---|
| 003 | OSt | ||
| 005 | 20221007125444.0 | ||
| 006 | a|||||r|||| 00| 0 | ||
| 007 | ta | ||
| 008 | 221006b |||||||| |||| 00| 0 eng d | ||
| 020 | _a3527306641 | ||
| 024 | _a1288 | ||
| 037 | _cTextual | ||
| 040 |
_aCDL _cCDL _beng |
||
| 041 |
_2eng _aeng |
||
| 082 | _aE68, P3 Carc | ||
| 100 |
_aLindhorst Thisbe K _9721961 |
||
| 245 | 0 | _aEssentials of carbohydrate chemistry and biochemistry | |
| 250 | _a2 | ||
| 260 |
_aWeinheim _bWiley-Vch Verlag GmbH & Co. _c2003 |
||
| 300 |
_axiii, 219p. _ccm. |
||
| 500 | _aIncludes bibliographical references ; Index 215-219p. | ||
| 650 | _a Biochemistry | ||
| 650 | _a Chemistry | ||
| 650 |
_aCarbohydrate _9713195 |
||
| 942 |
_hE68, P3 Carc _cTEXL _2CC |
||
| 999 |
_c1215307 _d1215307 |
||